Cómo optimizar las negociaciones del CAFTA en los temas que implican cambios legales y regulatorios /
Bewaard in:
| Hoofdauteur: | |
|---|---|
| Formaat: | Texto |
| Onderwerpen: | |
| Tags: |
Voeg label toe
Geen labels, Wees de eerste die dit record labelt!
|
MARC
| LEADER | 00000 a a2200000 04500 | ||
|---|---|---|---|
| 001 | 16830 | ||
| 003 | |||
| 040 | |||
| 100 | |a Rodríguez Hölkemeyer, Patricia | ||
| 245 | |a Cómo optimizar las negociaciones del CAFTA en los temas que implican cambios legales y regulatorios / |c Patricia Rodríguez Hölkemeyer | ||
| 500 | |a Investigación realizada bajo los auspicios del Instituto de Investigaciones Sociales de la UCR. Ponencia presentada en el Congreso Centroamericano de Ciencias Políticas del 11-14 de ago. 2003 | ||
| 650 | |a TLC | ||
| 650 | |a INTEGRACION ECONOMICA | ||
| 650 | |a COMERCIO INTERNACIONAL | ||
| 650 | |a CONDICIONES DE TRABAJO | ||
| 773 | |g volumen 12, número 1; páginas 331-361 | ||
| 999 | |c 22428 |d 22428 | ||
